• 首页
  • 本馆介绍
  • 公告通知
  • 最新文献
  • 馆藏检索
  • 电子资源
  • 读者导购
  • 参考咨询
  • 我的图书馆
  • 登录
  • 详细信息显示
  • 放入我的书架
  • 预约/预借图书
  • 作者相关作品
  • 分类相关作品
  • 丛书相关作品
  • 出版社相关作品

书目信息

  • 表格格式
  • 工作单格式
  • 卡片格式
题名:
走进新时代
    
 
作者: ;中共中央党史研究室 主持编写
分册:  
出版信息: 沈阳   辽宁人民出版社  2002
页数: 252页
开本: 21cm
丛书名:
单 册:
中图分类: I235.2
科图分类:
主题词: 电视系列片--解说词--中国--现代 , CT--S015228--电视系列片 , CT--S039588--解说词
电子资源:
ISBN: 7-205-05442-7
000 00981nam0 2200253 45
001 002195078
005 20031219104108.3
010    @a7-205-05442-7@dCNY19.80
100    @a20021122d2002 em y0chiy0110 ea
101 0  @achi
102    @aCN@b210000@b110000
105    @aa z 000yy
106    @ar
200 1  @a走进新时代@9zou jin xin shi dai@e大型理论文献电视片配图解说词@f中共中央党史研究室主持编写
210    @a沈阳@c辽宁人民出版社@a北京@c中共党史出版社@d2002
215    @a252页@c照片@d21cm
330    @a《走进新时代》配图解说词,是根据大型理论文献电视片《走进新时代》脚本略做改编而成的。本书包括:旗帜新辉、伟大创举、扩大开放、民主法制、现代国防、祖国统一、关键在党等十集。
606 0  @a电视系列片@x解说词@y中国@z现代
606 0  @2CT@3S015228@a电视系列片
606 0  @2CT@3S039588@a解说词
690    @aI235.2@v4
711 02 @a中共中央党史研究室@9zhong gong zhong yang dang shi yan jiu shi@4主持编写
801    @aCN@bTSTC@c20030401
905    @b321853-857@dI235.2@e118@f5
    
    走进新时代:大型理论文献电视片配图解说词/中共中央党史研究室主持编写.-沈阳:辽宁人民出版社;北京:中共党史出版社,2002
    252页:照片;21cm
    
    
    ISBN 7-205-05442-7:CNY19.80
    《走进新时代》配图解说词,是根据大型理论文献电视片《走进新时代》脚本略做改编而成的。本书包括:旗帜新辉、伟大创举、扩大开放、民主法制、现代国防、祖国统一、关键在党等十集。
●
相关链接 在E读中查询图书 在五车中查询图书 在当当中查询图书 在豆瓣中查询图书


正题名:走进新时代     索取号:I235.2/118         预约/预借

序号 登录号 条形码 馆藏地/架位号 状态 备注
1 0321853   203218534   第二借阅区/ [索取号:I235.2/118] 在馆    
2 0321854   203218543   第二借阅区/ [索取号:I235.2/118] 在馆    
3 0321855   203218552   第二借阅区/ [索取号:I235.2/118] 在馆    
4 0321856   203218561   第二借阅区/ [索取号:I235.2/118] 在馆    
5 0321857   203218570   第一样本阅览室/ [索取号:I235.2/118] 在馆    
唐山师范学院图书馆 欢迎您!
大连网信软件有限公司© 版权所有